000 00835cam a2200253 4500
001 ABS61404
008 000000n1999 000 0 eng u
035 _a(Sirsi) u100965
100 _aWard, C.
245 _aAbandoned dwellings
260 _c1999
490 _aThe Valuer
_v68(5) September/October 1999, 15(1)
520 _aGives a brief overview of property abandonment, and states that the law is cautious about landlords assuming abandonment. Refers to case law.
590 _aABS
650 _aTRANSFER OF TENANCY
650 _aABANDONMENT
650 _aWRITTEN NOTICE
650 _aBENEFIT
650 _aPRESTON BC V FAIRCLOUGH
650 _aCOOPER V FARZDARI
650 _aENFIELD LBC V DEVONISH
690 _aPROPERTY-RESIDENTIAL PROPERTY-RESIDENTIAL LANDLORD AND TENANT-RESIDENTIAL TENANCIES
942 _n0
999 _c60261
_d60261